[Event "ROM-chT"]
[Site "Eforie Nord"]
[Date "2023.09.27"]
[Round "7.6"]
[White "Dumitrache, Dragos Nicolae"]
[Black "Magold, Filip"]
[Result "0-1"]
[WhiteElo "2233"]
[BlackElo "2314"]
[PlyCount "54"]
[EventDate "2023.09.21"]
[EventType "team-tourn"]
[EventRounds "9"]
[EventCountry "ROU"]
[SourceTitle "EXT 2024"]
[Source "ChessBase"]
[SourceDate "2023.10.10"]
[SourceVersion "1"]
[SourceVersionDate "2023.10.10"]
[SourceQuality "1"]
[WhiteTeam "Ineu"]
[BlackTeam "Arad Vados"]
[WhiteTeamCountry "ROU"]
[BlackTeamCountry "ROU"]

1. d4 d5 2. c4 c6 3. e3 Nf6 4. Nf3 Bf5 5. Nc3 e6 6. Nh4 Be4 7. f3 Bg6 8. Qb3 Qc7 9. g3 Be7 10. Nxg6 hxg6 11. e4 dxe4 12. Bf4 Qb6 13. fxe4 Nbd7 14. 0-0-0 Qxb3 15. axb3 Ng4 16. Rd2 g5 17. Be2 Nf2 18. Rf1 gxf4 19. gxf4 Nh3 20. Kc2 Rh4 21. f5 e5 22. d5 Rd8 23. d6 Bg5 24. Rd3 Nf4 25. Rg3 f6 26. Rf2 a5 27. Bf1 Nc5 0-1

[Event "Miercurea Ciuc GP RO Stage 3"]
[Site "Miercurea Ciuc"]
[Date "2022.08.20"]
[Round "1"]
[White "Dumitrache, Dragos Nicolae"]
[Black "David, Alberto"]
[Result "0-1"]
[WhiteElo "2258"]
[BlackElo "2535"]
[PlyCount "48"]
[EventDate "2022.08.20"]
[EventType "swiss"]
[EventRounds "9"]
[EventCountry "ROU"]
[SourceTitle "CBM 209 Extra"]
[Source "ChessBase"]
[SourceDate "2022.09.30"]
[SourceVersion "1"]
[SourceVersionDate "2022.09.30"]
[SourceQuality "1"]

1. d4 Nf6 2. c4 e6 3. Nf3 d5 4. Nc3 dxc4 5. e3 a6 6. Bxc4 b5 7. Bb3 Bb7 8. 0-0 c5 9. Qe2 Nbd7 10. Rd1 Qc7 11. e4 cxd4 12. Nxd4 Bc5 13. Be3 0-0 14. Rac1 Qe5 15. f4 Qh5 16. Qxh5 Nxh5 17. e5 g5 18. g3 gxf4 19. gxf4 Kh8 20. Kf2 Rg8 21. Nf3 Nxf4 22. Rxd7 Rg2+ 23. Kf1 Bxe3 24. Rxb7 Rf2+ 0-1

[Event "Bucharest Super Rapid op"]
[Site "Bucharest"]
[Date "2022.04.30"]
[Round "3"]
[White "Dumitrache, Dragos Nicolae"]
[Black "Andronescu, Madalin"]
[Result "0-1"]
[WhiteElo "2286"]
[BlackElo "2161"]
[PlyCount "104"]
[EventDate "2022.04.30"]
[EventType "swiss (rapid)"]
[EventRounds "10"]
[EventCountry "ROU"]
[SourceTitle "CBM 208 Extra"]
[Source "ChessBase"]
[SourceDate "2022.07.31"]
[SourceVersion "1"]
[SourceVersionDate "2022.07.31"]
[SourceQuality "1"]

1. d4 Nf6 2. c4 e6 3. Nc3 d5 4. Bg5 Be7 5. e3 0-0 6. Nf3 Nbd7 7. Qc2 c6 8. a3 dxc4 9. Bxc4 b5 10. Ba2 Bb7 11. 0-0 a6 12. Rad1 Rc8 13. Ne5 Nxe5 14. dxe5 Nd5 15. Bxe7 Qxe7 16. Ne4 Rc7 17. Nc5 Bc8 18. Bb1 g6 19. Rd3 Nb6 20. f4 Rd8 21. Rfd1 Rd5 22. b4 Nd7 23. Rc3 Nxc5 24. Rxc5 Rxc5 25. Qxc5 Qxc5 26. bxc5 Bd7 27. Kf2 Kf8 28. g4 Ke7 29. h4 a5 30. h5 Rb7 31. Be4 b4 32. axb4 Rxb4 33. Kf3 Rc4 34. Rb1 Rxc5 35. Rb7 a4 36. Ra7 Rc4 37. h6 Kd8 38. Bb1 c5 39. Ba2 Bc6+ 40. Kg3 Rc2 41. Rxf7 Rxa2 42. Rxh7 Rg2+ 43. Kh4 a3 44. Ra7 a2 45. Kg5 Be4 46. Kf6 Rh2 47. Kxe6 Rxh6 48. Rxa2 g5+ 49. Kf7 Bd5+ 50. Kg7 Bxa2 51. Kxh6 c4 52. Kg7 c3 0-1

[Event "ROM-ch blitz"]
[Site "Bucharest"]
[Date "2022.03.13"]
[Round "4"]
[White "Dumitrache, Dragos Nicolae"]
[Black "Tudor, Henry Edward"]
[Result "0-1"]
[WhiteElo "2374"]
[BlackElo "1681"]
[PlyCount "38"]
[EventDate "2022.03.13"]
[EventType "swiss (blitz)"]
[EventRounds "9"]
[EventCountry "ROU"]
[SourceTitle "EXT 2023"]
[Source "ChessBase"]
[SourceDate "2022.10.05"]
[SourceVersion "1"]
[SourceVersionDate "2022.10.05"]
[SourceQuality "1"]

1. d4 Nf6 2. c4 e6 3. Nc3 Bb4 4. e3 Ne4 5. Qc2 f5 6. Bd3 0-0 7. Bxe4 fxe4 8. Qxe4 d5 9. Qd3 Qg5 10. g3 dxc4 11. Qxc4 Bxc3+ 12. Qxc3 b6 13. Qxc7 Qd5 14. f3 Nc6 15. Bd2 Ba6 16. e4 Qb5 17. Kf2 Nxd4 18. Qd6 Rxf3+ 19. Nxf3 Qe2+ 0-1

[Event "ROM-ch blitz"]
[Site "Bucharest"]
[Date "2022.03.13"]
[Round "5"]
[White "Jugaru, Lucian"]
[Black "Dumitrache, Dragos Nicolae"]
[Result "0-1"]
[WhiteElo "1764"]
[BlackElo "2374"]
[PlyCount "106"]
[EventDate "2022.03.13"]
[EventType "swiss (blitz)"]
[EventRounds "9"]
[EventCountry "ROU"]
[SourceTitle "EXT 2023"]
[Source "ChessBase"]
[SourceDate "2022.10.05"]
[SourceVersion "1"]
[SourceVersionDate "2022.10.05"]
[SourceQuality "1"]

1. e4 d6 2. d4 Nf6 3. Nc3 e5 4. d5 g6 5. Be2 Bg7 6. Be3 c6 7. dxc6 Nxc6 8. Nf3 0-0 9. 0-0 Be6 10. Ng5 Qe7 11. f4 exf4 12. Bxf4 Rad8 13. Bf3 Ne5 14. Bxe5 dxe5 15. Qe2 Rd4 16. Nxe6 Qxe6 17. Nd5 Nxd5 18. exd5 Qb6 19. Qe3 Bh6 20. Qf2 Qxb2 21. Rab1 Qxa2 22. c3 Qxf2+ 23. Kxf2 Rd2+ 24. Kg3 b6 25. c4 Bf4+ 26. Kh3 f5 27. g3 Bg5 28. Rfd1 Rxd1 29. Rxd1 e4 30. Be2 a5 31. d6 Rd8 32. d7 Kf7 33. c5 bxc5 34. Bb5 Ke7 35. Rd5 Be3 36. Re5+ Kd6 37. Re8 Kc7 38. Re6 Bd4 39. Rc6+ Kb7 40. Re6 c4 41. Re8 Kc7 42. Re6 c3 43. Rc6+ Kb7 44. Rc4 Bf6 45. Ba4 Kb6 46. Rc8 c2 47. Bxc2 Rxd7 48. Rf8 Bd4 49. Ba4 Re7 50. Rb8+ Kc5 51. Rb5+ Kc4 52. Rxa5 e3 53. Bb5+ Kb4 0-1

[Event "ROM-ch Rapid"]
[Site "Bucharest"]
[Date "2022.03.12"]
[Round "5"]
[White "Cnejev, Vladimir Alexandru"]
[Black "Dumitrache, Dragos Nicolae"]
[Result "1/2-1/2"]
[WhiteElo "2179"]
[BlackElo "2284"]
[PlyCount "120"]
[EventDate "2022.03.11"]
[EventType "swiss (rapid)"]
[EventRounds "9"]
[EventCountry "ROU"]
[SourceTitle "CBM 207 Extra"]
[Source "ChessBase"]
[SourceDate "2022.05.31"]
[SourceVersion "1"]
[SourceVersionDate "2022.05.31"]
[SourceQuality "1"]

1. e4 d6 2. d4 Nf6 3. Bd3 e5 4. c3 Nc6 5. Nf3 Bg4 6. d5 Ne7 7. c4 g6 8. Nc3 Bg7 9. Be3 c5 10. 0-0 0-0 11. h3 Bd7 12. a3 Nh5 13. b4 b6 14. Re1 f5 15. exf5 gxf5 16. Ng5 Qe8 17. g4 e4 18. Rc1 exd3 19. gxh5 f4 20. Bd2 Rf5 21. Nce4 Be5 22. Bc3 h6 23. Ne6 Bxe6 24. dxe6 f3 25. Bxe5 Qxh5 26. Kh2 dxe5 27. Ng3 Qg6 28. Qxd3 Rg5 29. Qxg6+ Nxg6 30. Rcd1 Re8 31. bxc5 bxc5 32. Rd3 Rxe6 33. Rxf3 Nh4 34. Rfe3 Rf6 35. R1e2 Nf3+ 36. Kg2 Nd4 37. Rb2 h5 38. h4 Rg4 39. Rxe5 Rxh4 40. Rb8+ Kf7 41. Rb7+ Kg6 42. Rxc5 Rhf4 43. Rb2 h4 44. Nh5 Rg4+ 45. Kh3 Rf5 46. Kxg4 Rxc5 47. Nf4+ Kf6 48. Nd5+ Ke5 49. Ne3 Ra5 50. Ra2 Ke4 51. Kxh4 Nf3+ 52. Kg3 Rg5+ 53. Ng4 Nd4 54. f3+ Nxf3 55. Re2+ Kf5 56. Kxf3 Rxg4 57. Rc2 Rh4 58. c5 Ke6 59. c6 Rh8 60. Ke4 Kd6 1/2-1/2

[Event "ROM-ch Rapid"]
[Site "Bucharest"]
[Date "2022.03.12"]
[Round "7"]
[White "Dumitrache, Dragos Nicolae"]
[Black "Negrean, Andrei"]
[Result "0-1"]
[WhiteElo "2284"]
[BlackElo "1941"]
[PlyCount "70"]
[EventDate "2022.03.11"]
[EventType "swiss (rapid)"]
[EventRounds "9"]
[EventCountry "ROU"]
[SourceTitle "CBM 207 Extra"]
[Source "ChessBase"]
[SourceDate "2022.05.31"]
[SourceVersion "1"]
[SourceVersionDate "2022.05.31"]
[SourceQuality "1"]

1. d4 Nf6 2. c4 e6 3. Nc3 Bb4 4. e3 c5 5. Bd3 0-0 6. Nge2 cxd4 7. exd4 d5 8. a3 Be7 9. c5 Nc6 10. f4 a5 11. 0-0 b6 12. Bb5 Bd7 13. Qa4 Na7 14. Bxd7 Nxd7 15. b4 bxc5 16. dxc5 axb4 17. axb4 Nc6 18. Qxc6 Rxa1 19. Be3 Rxf1+ 20. Kxf1 Qc8 21. Qa4 Nf6 22. c6 Ne4 23. Nxe4 dxe4 24. b5 e5 25. Qxe4 exf4 26. Bxf4 Bc5 27. Nc3 Re8 28. Qd5 Qg4 29. g3 Qh3+ 30. Qg2 Re1+ 31. Kxe1 Qxg2 32. c7 Qb7 33. Na4 Bb4+ 34. Kd1 g5 35. Be5 f6 0-1

[Event "Bucharest F01 IM"]
[Site "Bucharest"]
[Date "2019.01.13"]
[Round "9"]
[White "Dumitrache, Dragos Nicolae"]
[Black "Tejaswini, Sagar"]
[Result "1-0"]
[WhiteElo "2387"]
[BlackElo "2190"]
[PlyCount "62"]
[EventDate "2019.01.05"]
[EventType "tourn"]
[EventRounds "9"]
[EventCountry "ROU"]
[EventCategory "1"]
[SourceTitle "CBM 188 Extra"]
[Source "ChessBase"]
[SourceDate "2019.02.26"]
[SourceVersion "1"]
[SourceVersionDate "2019.02.26"]
[SourceQuality "1"]

1. d4 Nf6 2. c4 g6 3. Nc3 Bg7 4. e4 d6 5. Nf3 0-0 6. Be2 e5 7. 0-0 Nc6 8. d5 Ne7 9. b4 Ne8 10. a4 f5 11. a5 Nf6 12. Nd2 f4 13. c5 g5 14. f3 h5 15. Ba3 Rf7 16. b5 Bf8 17. b6 axb6 18. axb6 dxc5 19. bxc7 Qxc7 20. Nb5 Qb6 21. Kh1 Ng6 22. Bxc5 Rxa1 23. Bxb6 Rxd1 24. Rxd1 g4 25. Nc4 gxf3 26. gxf3 Bh3 27. Bf1 Bxf1 28. Rxf1 Nd7 29. Bc7 Kg7 30. Bd6 Bxd6 31. Ncxd6 Rf8 1-0

[Event "Bucharest F01 IM"]
[Site "Bucharest"]
[Date "2019.01.10"]
[Round "6"]
[White "David, Alexandru Vasile"]
[Black "Dumitrache, Dragos Nicolae"]
[Result "1-0"]
[WhiteElo "2425"]
[BlackElo "2387"]
[PlyCount "73"]
[EventDate "2019.01.05"]
[EventType "tourn"]
[EventRounds "9"]
[EventCountry "ROU"]
[EventCategory "1"]
[SourceTitle "CBM 188 Extra"]
[Source "ChessBase"]
[SourceDate "2019.02.26"]
[SourceVersion "1"]
[SourceVersionDate "2019.02.26"]
[SourceQuality "1"]

1. d4 d5 2. c4 e6 3. Nc3 c5 4. cxd5 exd5 5. Nf3 Nc6 6. dxc5 d4 7. Na4 Nf6 8. e3 Bg4 9. Be2 Bxc5 10. Nxc5 Qa5+ 11. Bd2 Qxc5 12. exd4 Nxd4 13. Bc3 Nxf3+ 14. gxf3 Bd7 15. Rg1 Bb5 16. Qd4 Qe7 17. Qe3 Bxe2 18. Qxe2 Qxe2+ 19. Kxe2 Nd5 20. Bxg7 Rg8 21. Rg4 0-0-0 22. Rc1+ Kb8 23. Be5+ Ka8 24. Rxg8 Rxg8 25. Rd1 Rd8 26. Rd4 b6 27. f4 Kb7 28. Kf3 Kc6 29. Rd1 Rd7 30. f5 Re7 31. Bd4 Rd7 32. a3 Rd6 33. Be5 Rh6 34. Kg4 Kc5 35. b4+ Kc6 36. h4 Ne7 37. Bf4 1-0

[Event "Bucharest F01 IM"]
[Site "Bucharest"]
[Date "2019.01.08"]
[Round "4"]
[White "Stoleriu, George"]
[Black "Dumitrache, Dragos Nicolae"]
[Result "1/2-1/2"]
[WhiteElo "2338"]
[BlackElo "2387"]
[PlyCount "85"]
[EventDate "2019.01.05"]
[EventType "tourn"]
[EventRounds "9"]
[EventCountry "ROU"]
[EventCategory "1"]
[SourceTitle "CBM 188 Extra"]
[Source "ChessBase"]
[SourceDate "2019.02.26"]
[SourceVersion "1"]
[SourceVersionDate "2019.02.26"]
[SourceQuality "1"]

1. e4 e5 2. Nf3 Nc6 3. Bb5 Nf6 4. d3 d6 5. c3 a6 6. Ba4 g6 7. 0-0 Bg7 8. Re1 0-0 9. Bg5 h6 10. Bh4 Bd7 11. Nbd2 Qe8 12. Bxf6 Bxf6 13. Nf1 Bg7 14. Ne3 Kh8 15. Nd5 Rc8 16. Bc2 Nd8 17. a4 Ne6 18. a5 Qd8 19. Ba4 Bxa4 20. Rxa4 c6 21. Ne3 Kh7 22. Qc2 Rc7 23. Rd1 Rd7 24. Re1 d5 25. Ng4 f6 26. Raa1 h5 27. Ne3 Bh6 28. Nf1 Qc7 29. Ng3 Rfd8 30. d4 exd4 31. Nxh5 Rf7 32. exd5 d3 33. Qxd3 Rxd5 34. Qc4 Nc5 35. Ng3 Nd3 36. Re2 Rfd7 37. Ne4 Qf4 38. Nd4 Ne5 39. Qb3 Bg7 40. Ne6 Qg4 41. Nf8+ Kh6 42. Nxd7 Nf3+ 43. Kf1 1/2-1/2

[Event "Avoine op 30th"]
[Site "Avoine"]
[Date "2015.07.18"]
[Round "8"]
[White "Mevel, Alberic"]
[Black "Dumitrache, Dragos Nicolae"]
[Result "0-1"]
[WhiteElo "2248"]
[BlackElo "2423"]
[PlyCount "110"]
[EventDate "2015.07.18"]
[EventType "swiss"]
[EventRounds "9"]
[EventCountry "FRA"]
[SourceTitle "EXT 2016"]
[Source "ChessBase"]
[SourceDate "2015.10.08"]
[SourceVersion "1"]
[SourceVersionDate "2015.10.08"]
[SourceQuality "1"]

1. e4 d6 2. d4 Nf6 3. Nc3 e5 4. Nf3 Nbd7 5. g4 h6 6. g5 hxg5 7. Bxg5 c6 8. Qd2 b5 9. a3 Qa5 10. Bd3 Rh3 11. Ng1 Rh5 12. d5 Bb7 13. dxc6 Bxc6 14. b4 Qb6 15. Nge2 Ng4 16. Be3 Nxe3 17. fxe3 Nf6 18. Ng3 Rh7 19. a4 bxa4 20. b5 Bb7 21. Nxa4 Qd8 22. c4 Ng4 23. Be2 Qg5 24. Bxg4 Qxg4 25. 0-0 Bxe4 26. Nc3 Bb7 27. e4 Qc8 28. Qf2 g6 29. Nd5 Bxd5 30. cxd5 Qb7 31. b6 axb6 32. Rxa8+ Qxa8 33. Qxb6 Be7 34. Rb1 Qa2 35. Qb8+ Bd8 36. Rb2 Qc4 37. Kg2 Qc7 38. Qxc7 Bxc7 39. Rc2 Kd7 40. Rf2 Bb6 41. Rb2 Kc7 42. Rc2+ Bc5 43. Rc1 Kd7 44. Rc2 Rh4 45. Re2 Ke7 46. Re1 Rh8 47. Rb1 Rh4 48. Rf1 Be3 49. Re1 Bf4 50. Re2 Kf6 51. Kf3 Kg5 52. Nf1 f5 53. Rg2+ Kf6 54. Re2 Rh3+ 55. Kg2 Rd3 0-1

[Event "Vaujany op-A 6th"]
[Site "Vaujany"]
[Date "2015.07.12"]
[Round "4"]
[White "Dumitrache, Dragos Nicolae"]
[Black "Navrotescu, Andreea Cristiana"]
[Result "1-0"]
[WhiteElo "2431"]
[BlackElo "2247"]
[PlyCount "153"]
[EventDate "2015.07.09"]
[EventType "swiss"]
[EventRounds "9"]
[EventCountry "FRA"]
[SourceTitle "EXT 2017"]
[Source "ChessBase"]
[SourceDate "2016.10.25"]
[SourceVersion "1"]
[SourceVersionDate "2016.10.25"]
[SourceQuality "1"]

1. d4 Nf6 2. c4 g6 3. Nf3 Bg7 4. g3 d5 5. cxd5 Nxd5 6. Bg2 Nb6 7. Nc3 Nc6 8. e3 0-0 9. 0-0 a5 10. b3 a4 11. Ba3 Re8 12. Nd2 Be6 13. Bc5 axb3 14. Bxb6 cxb6 15. axb3 Rxa1 16. Qxa1 Nxd4 17. exd4 Qxd4 18. Ndb1 Bxb3 19. Qa3 Bc2 20. Rc1 Bf5 21. Nb5 Qe5 22. Qb4 Ra8 23. N1c3 Bh6 24. Rd1 Bc2 25. Bxb7 Rb8 26. Rd7 Bf8 27. Be4 Qe6 28. Rd2 Qb3 29. Qxb3 Bxb3 30. Bd5 Bxd5 31. Nxd5 e6 32. Nf6+ Kg7 33. Nd7 Rd8 34. Kf1 Bb4 35. Rd4 Ba5 36. Ke2 Rc8 37. Kd1 h5 38. f4 Rc6 39. Ne5 Rc5 40. Na3 Bc3 41. Re4 b5 42. Nd3 Rd5 43. Kc2 Ba5 44. Re5 b4 45. Rxd5 exd5 46. Nb5 Kf6 47. Nd4 g5 48. Nb3 Bb6 49. Nxb4 Bg1 50. h3 Bh2 51. Nxd5+ Ke6 52. Ne3 gxf4 53. gxf4 Bxf4 54. Kd3 Kf6 55. Nd4 Kg6 56. Ke4 Bg5 57. Nf3 Bd8 58. Nd5 Ba5 59. Nf4+ Kh6 60. Kf5 Bc3 61. Ng5 f6 62. Ne4 Ba5 63. Nxf6 Be1 64. N4xh5 Bh4 65. Kg4 Be1 66. Nf4 Bc3 67. Ne4 Be1 68. Ng3 Bc3 69. h4 Bb2 70. h5 Bc3 71. Ne4 Bd4 72. Kf5 Be3 73. Nf6 Bd2 74. Ng4+ Kh7 75. Ne6 Bc3 76. Ng5+ Kh8 77. Kg6 1-0

[Event "Eforie Nord Seacoast op 25th"]
[Site "Eforie Nord"]
[Date "2015.06.26"]
[Round "4"]
[White "Dumitrache, Dragos Nicolae"]
[Black "Thesing, Matthias"]
[Result "1/2-1/2"]
[WhiteElo "2431"]
[BlackElo "2315"]
[PlyCount "21"]
[EventDate "2015.06.23"]
[EventType "swiss"]
[EventRounds "10"]
[EventCountry "ROU"]
[SourceTitle "CBM 167 Extra"]
[Source "ChessBase"]
[SourceDate "2015.09.14"]
[SourceVersion "1"]
[SourceVersionDate "2015.09.14"]
[SourceQuality "1"]

1. d4 d5 2. c4 e6 3. Nc3 c6 4. cxd5 exd5 5. Nf3 Nf6 6. Bg5 Be7 7. e3 Bf5 8. Bd3 Bxd3 9. Qxd3 Nbd7 10. 0-0 0-0 11. Rab1 1/2-1/2

[Event "Eforie Nord Seacoast op 25th"]
[Site "Eforie Nord"]
[Date "2015.06.25"]
[Round "3"]
[White "Ileana, George"]
[Black "Dumitrache, Dragos Nicolae"]
[Result "0-1"]
[WhiteElo "2162"]
[BlackElo "2431"]
[PlyCount "72"]
[EventDate "2015.06.23"]
[EventType "swiss"]
[EventRounds "10"]
[EventCountry "ROU"]
[SourceTitle "CBM 167 Extra"]
[Source "ChessBase"]
[SourceDate "2015.09.14"]
[SourceVersion "1"]
[SourceVersionDate "2015.09.14"]
[SourceQuality "1"]

1. d4 d5 2. Bg5 c5 3. e3 Qb6 4. Nc3 e6 5. Bb5+ Bd7 6. Bxd7+ Nxd7 7. Nge2 h6 8. Bf4 Ngf6 9. 0-0 Be7 10. a4 a6 11. Rb1 0-0 12. dxc5 Nxc5 13. a5 Qd8 14. b4 Ncd7 15. f3 Nh5 16. Qd3 Rc8 17. Na4 Rc4 18. c3 Nxf4 19. Nxf4 Qb8 20. Ne2 Rd8 21. Qd2 h5 22. Nb2 Rcc8 23. Nd3 h4 24. Rfc1 Bd6 25. h3 Ne5 26. Nxe5 Bxe5 27. b5 Rd6 28. Rb4 Qc7 29. Qd3 Bf6 30. bxa6 bxa6 31. c4 Qxa5 32. Rbb1 Rdc6 33. cxd5 Rxc1+ 34. Nxc1 Qe1+ 35. Kh2 Be5+ 36. f4 Qg3+ 0-1

[Event "ROM-chT"]
[Site "Calimanesti"]
[Date "2014.11.12"]
[Round "5.5"]
[White "Baratosi, Daniel"]
[Black "Dumitrache, Dragos Nicolae"]
[Result "1-0"]
[WhiteElo "2403"]
[BlackElo "2416"]
[PlyCount "53"]
[EventDate "2014.11.08"]
[EventType "team-tourn"]
[EventRounds "9"]
[EventCountry "ROU"]
[SourceTitle "EXT 2015"]
[Source "ChessBase"]
[SourceDate "2014.11.20"]
[SourceVersion "1"]
[SourceVersionDate "2014.11.20"]
[SourceQuality "1"]
[WhiteTeam "Ploiesti CSU"]
[BlackTeam "Terchirghol Victoria"]
[WhiteTeamCountry "ROU"]
[BlackTeamCountry "ROU"]

1. e4 e5 2. Nf3 Nc6 3. Bb5 Nf6 4. d3 d6 5. c4 g6 6. Nc3 Bg7 7. d4 exd4 8. Nxd4 Bd7 9. Bxc6 bxc6 10. 0-0 0-0 11. Bg5 h6 12. Bh4 Qb8 13. b3 c5 14. Nc2 Nh5 15. Qd2 g5 16. Bg3 Qb7 17. Rae1 Rae8 18. f4 gxf4 19. Bxf4 Nxf4 20. Rxf4 f5 21. exf5 Rxe1+ 22. Qxe1 Bxf5 23. Nd5 Bxc2 24. Qe6+ Kh8 25. Rxf8+ Bxf8 26. Nf6 Kg7 27. Ne8+ 1-0

[Event "Sautron op 14th"]
[Site "Sautron"]
[Date "2014.11.01"]
[Round "9"]
[White "Dumitrache, Dragos Nicolae"]
[Black "Koziak, Vitali"]
[Result "1/2-1/2"]
[WhiteElo "2413"]
[BlackElo "2454"]
[PlyCount "91"]
[EventDate "2014.10.26"]
[EventType "swiss"]
[EventRounds "9"]
[EventCountry "FRA"]
[SourceTitle "EXT 2015"]
[Source "ChessBase"]
[SourceDate "2014.11.20"]
[SourceVersion "1"]
[SourceVersionDate "2014.11.20"]
[SourceQuality "1"]

1. Nf3 d5 2. c4 c6 3. d4 Nf6 4. e3 Bg4 5. Nbd2 Nbd7 6. Qc2 e6 7. Bd3 Bd6 8. b3 e5 9. dxe5 Nxe5 10. Be2 Nxf3+ 11. Bxf3 Be5 12. Bb2 Bxb2 13. Qxb2 Bxf3 14. Qe5+ Qe7 15. Nxf3 Qxe5 16. Nxe5 0-0 17. cxd5 Nxd5 18. 0-0-0 Rfe8 19. Nc4 Rad8 20. a3 f5 21. Rd3 Re6 22. Kb2 f4 23. g3 fxe3 24. Nxe3 Rf8 25. Nxd5 Rxf2+ 26. Kc3 cxd5 27. Rxd5 Re3+ 28. Rd3 Rxd3+ 29. Kxd3 h5 30. a4 Kh7 31. a5 Kh6 32. b4 a6 33. Kd4 g6 34. h4 Rf3 35. Rg1 g5 36. Re1 gxh4 37. gxh4 Rf6 38. Re7 Rg6 39. Rxb7 Rg4+ 40. Kc5 Rxh4 41. Rb6+ Kg7 42. Rxa6 Rh1 43. Rd6 h4 44. Kb6 h3 45. Rd2 Rf1 46. a6 1/2-1/2